| 000 | 00687nam a2200229Ia 4500 | ||
|---|---|---|---|
| 003 | OSt | ||
| 005 | 20251208113817.0 | ||
| 008 | 210716s2003 xx 000 0 und d | ||
| 020 | _a8176567736 | ||
| 040 | _cAIMIT LIBRARY | ||
| 041 | _aeng | ||
| 082 |
_a006.37 _21 _bCHRD |
||
| 100 |
_aChristopher, Derek. _9248230 |
||
| 245 |
_aSuccessful projects in visual basic.net / _cBy Derek Christopher. |
||
| 250 | _a1st ed. | ||
| 260 |
_aNew Delhi : _bBPB Publications , _c2003. |
||
| 300 |
_aviii,280p. ; _bPB _c27.4 cm |
||
| 650 |
_aBasic topics _9248231 |
||
| 650 |
_aThe project _9248232 |
||
| 650 |
_aForms standard modules and utilities _9248233 |
||
| 942 |
_2ddc _cBK _e1st _k006.37 CHRD |
||
| 999 |
_c186035 _d186035 |
||